[Event "Mechanics' Summer TNM; 30/90, SD/30"]
[Site "San Francisco"]
[Date "2009.06.02"]
[Round "2.5"]
[White "Snyder, Larry"]
[Black "Periwal, Prashant"]
[Result "1-0"]
[WhiteElo "2091"]
[BlackElo "1855"]
[PlyCount "77"]
[EventDate "2009.??.??"]

1. e4 c5 2. c3 Nc6 3. d4 cxd4 4. cxd4 d5 5. exd5 Qxd5 6. Nf3 e5 7. Nc3 Bb4 8.
Bd2 Bxc3 9. Bxc3 e4 10. Nd2 Nf6 11. Bc4 Qg5 12. d5 Qxg2 13. Rf1 Ne7 14. Qb3
Qxh2 15. O-O-O Qd6 16. Rfe1 Bf5 17. f3 Qf4 18. Bxf6 gxf6 19. fxe4 Bg4 20. Bb5+
Kf8 21. Be2 h5 22. Kb1 Rg8 23. Qxb7 Rb8 24. Qxa7 Qe5 25. Qa3 Bxe2 26. Rxe2 Rg3
27. Nb3 h4 28. d6 Nc6 29. d7+ Kg7 30. Qd6 Nd8 31. Qxe5 fxe5 32. Rc2 Rg6 33. Rh1
Rb7 34. Nc5 Rb5 35. a4 Rb4 36. Rxh4 Rd6 37. Rhh2 Kf8 38. Rh8+ Ke7 39. Re8+ 1-0

[Event "Mechanics' Spring TNM; 30/90, SD/30"]
[Site "San Francisco"]
[Date "2009.05.05"]
[Round "8.1"]
[White "Snyder, Larry"]
[Black "Sandberg, Evan"]
[Result "1-0"]
[WhiteElo "2062"]
[BlackElo "2009"]
[PlyCount "97"]
[EventDate "2009.??.??"]

1. e4 c5 2. c3 Nf6 3. e5 Nd5 4. d4 cxd4 5. Nf3 Nc6 6. cxd4 d6 7. Bc4 Nb6 8. Bb3
dxe5 9. d5 Na5 10. Nc3 Nxb3 11. Qxb3 e6 12. Nxe5 exd5 13. Be3 Bd6 14. Qb5+ Kf8
15. f4 Bxe5 16. fxe5 Be6 17. Rd1 Qh4+ 18. Bf2 Qc4 19. Qa5 Nd7 20. Bd4 a6 21. b3
Qc6 22. O-O g6 23. Rc1 Kg8 24. Qa3 Bf5 25. Ne4 Qb5 26. Nd6 Qd3 27. Nxf5 gxf5
28. Rcd1 Qe4 29. Qe7 Nf8 30. Rfe1 Qg4 31. Qxb7 Re8 32. Qxa6 Ne6 33. Qe2 Ra8 34.
a4 Kg7 35. Qxg4+ fxg4 36. Bb6 d4 37. a5 Rhc8 38. Rc1 Rxc1 39. Rxc1 Kg6 40. Rf1
d3 41. Rd1 Nf4 42. g3 Nh3+ 43. Kg2 Kf5 44. Rxd3 Kxe5 45. b4 f5 46. Rd8 Rxd8 47.
Bxd8 Kd6 48. a6 Kc6 49. b5+ 1-0

[Event "Mechanics' Winter TNM; 30/90, SD/30"]
[Site "San Francisco"]
[Date "2009.02.17"]
[Round "7.1"]
[White "Snyder, Larry"]
[Black "Shakhnazarov, Oleg"]
[Result "1-0"]
[WhiteElo "2055"]
[BlackElo "2163"]
[PlyCount "95"]
[EventDate "2009.??.??"]

1. e4 e6 2. d4 Be7 3. Nf3 d6 4. Bd3 Nd7 5. O-O g5 6. Be3 a6 7. c4 h6 8. Nc3
Ngf6 9. Nd2 e5 10. d5 Nf8 11. b4 Ng6 12. Re1 Nf4 13. Bf1 Rg8 14. Nb3 h5 15. a4
h4 16. Qc2 h3 17. g3 Qd7 18. a5 Qg4 19. Nd2 Qh5 20. b5 Ng4 21. Rec1 Ng2 22. Nd1
Qh7 23. Qc3 f5 24. f3 N4xe3 25. Nxe3 f4 26. Nd1 fxg3 27. hxg3 g4 28. Nf2 gxf3
29. Qxf3 Rf8 30. Qe2 Rg8 31. Rc3 Nf4 32. Qe1 h2+ 33. Kh1 Bd7 34. bxa6 bxa6 35.
Bg2 Nxg2 36. Kxg2 Bg5 37. Nf3 Bf4 38. Nxh2 Ke7 39. Nf1 Raf8 40. c5 dxc5 41.
Raa3 Rb8 42. Rab3 Rxb3 43. Rxb3 Bb5 44. Nd3 c4 45. Rc3 Bd7 46. Nf2 Qh4 47. Qe2
Rg6 48. Qxc4 1-0

[Event "Mechanics' Summer TNM; 30/90, SD/30"]
[Site "San Francisco"]
[Date "2009.06.25"]
[Round "5.5"]
[White "Snyder, Larry"]
[Black "Todortsev, Victor"]
[Result "1/2-1/2"]
[WhiteElo "2091"]
[BlackElo "1936"]
[PlyCount "104"]
[EventDate "2009.??.??"]

1. e4 e5 2. Nf3 Nc6 3. d4 exd4 4. Nxd4 Nf6 5. Nxc6 bxc6 6. e5 Ne4 7. Bd3 Nc5 8.
Bc4 Be7 9. O-O O-O 10. Nd2 d5 11. exd6 cxd6 12. Nb3 d5 13. Nxc5 Bxc5 14. Bd3
Qh4 15. Qf3 Bg4 16. Qf4 Rab8 17. a3 Qh5 18. h3 Be6 19. Re1 Be7 20. b3 Bf6 21.
Rb1 c5 22. Be3 Rbc8 23. c4 Bc3 24. Rec1 d4 25. Bd2 Bxd2 26. Qxd2 Rc6 27. Qe2
Qg5 28. Qf3 Ra6 29. a4 Bc8 30. Qg3 Qd2 31. Rc2 Qh6 32. Re2 f5 33. f4 Bb7 34.
Qg5 Qg6 35. Re5 Qxg5 36. fxg5 Rc6 37. Bxf5 Rc7 38. Rf1 g6 39. Be6+ Kg7 40. Rxf8
Kxf8 41. Bd5 Rd7 42. Bxb7 Rxb7 43. Rxc5 Rxb3 44. Kf2 Ke7 45. Rc7+ Kd6 46. Rxa7
Rb2+ 47. Kf3 Kc5 48. Rc7+ Kb4 49. c5 Kc3 50. c6 Rb4 51. Rd7 Rxa4 52. c7 Rc4
1/2-1/2

[Event "Mechanics' Wilkerson Mem TNM; 30/90, SD"]
[Site "San Francisco"]
[Date "2009.09.08"]
[Round "6.11"]
[White "Somerville, Kenneth"]
[Black "Leavens, Weston"]
[Result "0-1"]
[WhiteElo "1551"]
[BlackElo "1803"]
[PlyCount "105"]
[EventDate "2009.??.??"]

1. e4 e6 2. d4 d5 3. exd5 exd5 4. Nf3 Bd6 5. Bd3 Ne7 6. Be3 Bf5 7. Nc3 c6 8.
O-O O-O 9. Re1 Bxd3 10. Qxd3 h6 11. Ne5 Nd7 12. f4 Qc7 13. Bf2 f6 14. Ng6 Nxg6
15. Qxg6 Rf7 16. g3 Nf8 17. Qg4 f5 18. Qf3 Nh7 19. Re2 Nf6 20. Rae1 Ne4 21. Nd1
Re8 22. Ne3 g6 23. c4 Bb4 24. Rd1 Qd7 25. a3 Ba5 26. b4 Bb6 27. c5 Bc7 28. Ng2
Rfe7 29. Rde1 Re6 30. Be3 Bd8 31. Bc1 Bf6 32. Qd3 Qg7 33. Bb2 a6 34. a4 Bd8 35.
Re3 Qf7 36. a5 Kg7 37. Ba1 Bf6 38. R3e2 R8e7 39. Re3 Qe8 40. R1e2 Kf7 41. Re1
Bg7 42. R1e2 Nf6 43. h3 Rxe3 44. Rxe3 Rxe3 45. Nxe3 Qe4 46. Qxe4 fxe4 47. g4
Ng8 48. Kf2 Ne7 49. Bc3 h5 50. Kg3 Bh6 51. gxh5 Nf5+ 52. Nxf5 gxf5 53. h4 0-1

[Event "Mechanics' Winter TNM; 30/90, SD/30"]
[Site "San Francisco"]
[Date "2009.02.17"]
[Round "7.22"]
[White "Somerville, Kenneth"]
[Black "Livschitz, Jennifer"]
[Result "0-1"]
[WhiteElo "1602"]
[BlackElo "1631"]
[PlyCount "82"]
[EventDate "2009.??.??"]

1. e4 e5 2. Nf3 Nc6 3. d4 exd4 4. c3 dxc3 5. Nxc3 Bb4 6. Bc4 Nge7 7. O-O O-O 8.
Nd5 Nxd5 9. exd5 Na5 10. Bd3 b6 11. Bxh7+ Kxh7 12. Ng5+ Kg6 13. Qg4 f5 14. Qxb4
Ba6 15. Re1 Qf6 16. Bf4 Nc4 17. h4 Qxb2 18. Qa4 Qb5 19. Qd1 Rh8 20. g3 Bb7 21.
d6 Nxd6 22. Bxd6 Qc6 23. f3 Qxd6 24. Qxd6+ cxd6 25. Re7 Bc6 26. Nf7 Rhe8 27.
Rae1 Rxe7 28. Rxe7 Kf6 29. Re3 Kxf7 30. Kf2 Re8 31. Ra3 a5 32. Rb3 b5 33. g4
fxg4 34. fxg4 Re4 35. Kg3 Re2 36. a3 a4 37. Rd3 d5 38. Kf4 Re4+ 39. Kf5 d6 40.
h5 Bd7+ 41. Kg5 Rxg4# 0-1

[Event "Mechanics' Wilkerson Mem TNM; 30/90, SD"]
[Site "San Francisco"]
[Date "2009.09.29"]
[Round "9.12"]
[White "Somerville, Kenneth"]
[Black "Luke, Gary"]
[Result "1-0"]
[WhiteElo "1551"]
[BlackElo "1817"]
[PlyCount "79"]
[EventDate "2009.??.??"]

1. e4 e5 2. Nf3 Nc6 3. d4 exd4 4. c3 dxc3 5. Bc4 c2 6. Qxc2 b5 7. Bxb5 Bb4+ 8.
Nc3 Nge7 9. O-O Rb8 10. Bc4 Na5 11. Bd3 c5 12. Nd5 Nxd5 13. exd5 Nb7 14. Re1+
Bxe1 15. Bg5 f6 16. Rxe1+ Kf8 17. Bf4 d6 18. Bxh7 Bg4 19. Nh4 Bh5 20. Qf5 Bf7
21. g4 Qa5 22. Re6 Rxh7 23. Qxh7 Bxe6 24. dxe6 Qe1+ 25. Kg2 Qxe6 26. Nf5 Qg8
27. Qh3 Qd5+ 28. Kg3 Qxa2 29. Nxd6 Kg8 30. Nf5 Rd8 31. g5 Rd1 32. Qg2 Qd5 33.
Ne7+ Kf7 34. Nxd5 Rd3+ 35. Ne3 Na5 36. Qe4 Rd8 37. g6+ Kg8 38. Nf5 c4 39. Qe7
Rd3+ 40. f3 1-0

[Event "Mechanics' Wilkerson Mem TNM; 30/90, SD"]
[Site "San Francisco"]
[Date "2009.08.25"]
[Round "4.9"]
[White "Somerville, Kenneth"]
[Black "Manvelyan, Hovik"]
[Result "0-1"]
[WhiteElo "1551"]
[BlackElo "1951"]
[PlyCount "84"]
[EventDate "2009.??.??"]

1. e4 e6 2. d4 d5 3. exd5 exd5 4. Nf3 Bd6 5. Bg5 Ne7 6. Bd3 O-O 7. Nbd2 h6 8.
Be3 Nf5 9. Nf1 Re8 10. Qd2 a5 11. O-O-O Nxe3 12. Nxe3 c6 13. Rde1 Na6 14. Kb1
Nb4 15. Bf5 Rxe3 16. Rxe3 Bxf5 17. Rc3 Qf6 18. a3 Na6 19. Re1 Nc7 20. Ne5 Ne6
21. Rce3 Nf4 22. f3 Ng6 23. g4 Be6 24. h3 c5 25. Nxg6 Qxg6 26. Rb3 Qf6 27. dxc5
Bxc5 28. Rxb7 Qxf3 29. Rb3 Qf6 30. Rd3 d4 31. Qg2 Rb8 32. Rf1 Qe7 33. Qf3 Bc4
34. Qf4 Qb7 35. Rb3 Bxb3 36. cxb3 Qxb3 37. Rf2 d3 38. Rd2 Bxa3 39. Qd4 Bxb2 40.
Rxb2 Qxb2+ 41. Qxb2 Rxb2+ 42. Kxb2 a4 0-1

[Event "Mechanics' Winter TNM; 30/90, SD/30"]
[Site "San Francisco"]
[Date "2009.01.27"]
[Round "4.16"]
[White "Somerville, Kenneth"]
[Black "Standen, Julian"]
[Result "1-0"]
[WhiteElo "1602"]
[BlackElo "1806"]
[PlyCount "129"]
[EventDate "2009.??.??"]

1. e4 c6 2. d4 d5 3. Nc3 dxe4 4. Nxe4 Nd7 5. Bc4 Ngf6 6. Qe2 Nxe4 7. Qxe4 Nf6
8. Qd3 e6 9. Nf3 c5 10. O-O cxd4 11. Bg5 Be7 12. Bb5+ Bd7 13. Ne5 O-O 14. Bxf6
Bxb5 15. Bxe7 Qd5 16. Qg3 Bxf1 17. Bxf8 Rxf8 18. Rxf1 Qxa2 19. Nd3 Qc4 20. Rc1
f6 21. Qd6 e5 22. Nc5 Qb4 23. Qd5+ Kh8 24. Ne6 Qd2 25. Rf1 Rg8 26. Nd8 h6 27.
Nf7+ Kh7 28. Qe4+ g6 29. h4 h5 30. Nd6 Rg7 31. Ne8 Rf7 32. Qd5 Re7 33. Nxf6+
Kg7 34. Ne4 Qxc2 35. Qd6 Qc7 36. Qf6+ Kh6 37. Qg5+ Kg7 38. Nf6 Qc2 39. Nxh5+
Kf7 40. Rc1 Qf5 41. Qxf5+ gxf5 42. Ng3 Kg6 43. Ne2 d3 44. Nc3 Rc7 45. Rd1 e4
46. f3 Rc4 47. fxe4 fxe4 48. Kf2 b5 49. Ke3 b4 50. Nxe4 Rc2 51. Rd2 Rc7 52.
Rxd3 Rc1 53. Kf4 Rf1+ 54. Rf3 Rb1 55. b3 a5 56. g4 a4 57. bxa4 b3 58. h5+ Kh6
59. Kf5 b2 60. g5+ Kg7 61. h6+ Kh7 62. Nf6+ Kh8 63. g6 Rg1 64. g7+ Rxg7 65.
hxg7+ 1-0

[Event "Mechanics' Summer TNM; 30/90, SD/30"]
[Site "San Francisco"]
[Date "2009.06.25"]
[Round "5.19"]
[White "Standen, Julian"]
[Black "Adkins, Rico"]
[Result "0-1"]
[WhiteElo "1781"]
[BlackElo "1694"]
[PlyCount "48"]
[EventDate "2009.??.??"]

1. d4 c5 2. e3 d5 3. Nf3 Nf6 4. Nbd2 b6 5. Bb5+ Bd7 6. Bxd7+ Nbxd7 7. O-O Qc7
8. Re1 e6 9. b3 Bd6 10. Bb2 c4 11. c3 b5 12. e4 dxe4 13. Nxe4 Nxe4 14. Rxe4 Nf6
15. Rh4 O-O 16. Qe2 Nd5 17. bxc4 Nf4 18. Qe4 Ng6 19. Rh3 Qxc4 20. Ne5 Bxe5 21.
Ba3 Rfe8 22. Rb1 Qxa2 23. dxe5 Qxa3 24. c4 Qa4 0-1

[Event "Mechanics' Winter TNM; 30/90, SD/30"]
[Site "San Francisco"]
[Date "2009.01.20"]
[Round "3.5"]
[White "Standen, Julian"]
[Black "Bambou, Christophe"]
[Result "0-1"]
[WhiteElo "1806"]
[BlackElo "2035"]
[PlyCount "40"]
[EventDate "2009.??.??"]

1. d4 Nf6 2. Nf3 d5 3. Bf4 c5 4. e3 Nc6 5. c3 Qb6 6. Qb3 c4 7. Qc2 Bf5 8. Qc1
h6 9. h3 e6 10. Be2 Qd8 11. Nbd2 b5 12. b3 Qa5 13. b4 Nxb4 14. cxb4 Bxb4 15. a3
Bc3 16. Ra2 Ne4 17. O-O Bxd2 18. Nxd2 Nc3 19. Nb3 cxb3 20. Qe1 bxa2 0-1

[Event "Mechanics' Winter TNM; 30/90, SD/30"]
[Site "San Francisco"]
[Date "2009.01.06"]
[Round "1.19"]
[White "Standen, Julian"]
[Black "Baran, Nicholas"]
[Result "1-0"]
[WhiteElo "1806"]
[BlackElo "1335"]
[PlyCount "83"]
[EventDate "2009.??.??"]

1. d4 e6 2. Nf3 d5 3. Bf4 c5 4. e3 Nc6 5. c3 Bd6 6. Bg3 Bxg3 7. hxg3 cxd4 8.
exd4 Nge7 9. Nbd2 Qb6 10. Qc2 Bd7 11. Rd1 Qa5 12. Qb1 Nf5 13. Bd3 Nce7 14. Ne5
Bb5 15. Ndf3 Bxd3 16. Rxd3 Qc7 17. Nh4 Nxh4 18. Rxh4 Nc6 19. Re3 Nxe5 20. Rxe5
g6 21. Qc1 Qe7 22. Qe3 O-O-O 23. Qd3 a6 24. Rf4 Rhf8 25. Kf1 Rd6 26. c4 dxc4
27. Rc5+ Kb8 28. Qxc4 Qd7 29. Kg1 Rd8 30. Qc3 Rxd4 31. Rf3 Rd1+ 32. Kh2 Qd2 33.
Qe5+ Rd6 34. Re3 Qxf2 35. Rf3 Qg1+ 36. Kh3 Qh1+ 37. Kg4 R1d4+ 38. Rf4 f5+ 39.
Kg5 Qh5+ 40. Kf6 g5 41. Rxd4 Qg6+ 42. Ke7 1-0

[Event "Mechanics' Wilkerson Mem TNM; 30/90, SD"]
[Site "San Francisco"]
[Date "2009.08.25"]
[Round "4.18"]
[White "Standen, Julian"]
[Black "Capdeville, Barry"]
[Result "1/2-1/2"]
[WhiteElo "1752"]
[BlackElo "1138"]
[PlyCount "106"]
[EventDate "2009.??.??"]

1. d4 Nf6 2. Nf3 c5 3. e3 e6 4. Bd3 Be7 5. Nbd2 O-O 6. O-O d6 7. b3 Nbd7 8. Bb2
b6 9. c4 Re8 10. Re1 Bb7 11. Qe2 Qc7 12. e4 cxd4 13. Nxd4 e5 14. Nb5 Qd8 15.
Nc3 Nc5 16. Bc2 Ne6 17. Nd5 Nxd5 18. exd5 Nf4 19. Qf1 Bc8 20. Ne4 Bd7 21. Bc1
Ng6 22. Qe2 Nf4 23. Bxf4 exf4 24. Qd3 f5 25. Nd2 Bf6 26. Rad1 Rxe1+ 27. Rxe1
Qf8 28. Nf3 Re8 29. Kf1 Rxe1+ 30. Kxe1 Qe7+ 31. Qe2 Bc3+ 32. Kd1 Qxe2+ 33. Kxe2
h6 34. Nh4 Bf6 35. Nxf5 Bxf5 36. Bxf5 Kf7 37. Kd3 Bb2 38. Kc2 Bd4 39. f3 Ke7
40. b4 a6 41. Bc8 a5 42. bxa5 bxa5 43. Kb3 Bc5 44. Ka4 Bb4 45. Kb3 Bc5 46. Kc3
g6 47. Kd3 Kf6 48. Ke4 Be3 49. Bh3 g5 50. g3 h5 51. Bg2 h4 52. g4 Bb6 53. Bf1
Bc5 1/2-1/2

[Event "Mechanics' Wilkerson Mem TNM; 30/90, SD"]
[Site "San Francisco"]
[Date "2009.09.08"]
[Round "6.15"]
[White "Standen, Julian"]
[Black "Chan, John"]
[Result "0-1"]
[WhiteElo "1752"]
[BlackElo "1697"]
[PlyCount "50"]
[EventDate "2009.??.??"]

1. d4 Nf6 2. Nf3 d5 3. e3 c6 4. Bd3 Bg4 5. h3 Bh5 6. g4 Bg6 7. Ne5 Bxd3 8. Qxd3
Ne4 9. c4 f6 10. Nf3 e6 11. Nc3 Bb4 12. Bd2 Bxc3 13. Bxc3 Nd7 14. cxd5 cxd5 15.
Bb4 Rc8 16. O-O h5 17. Rac1 hxg4 18. hxg4 Rh6 19. Kg2 Rg6 20. Nh2 Rh6 21. f3
Ng5 22. Qd2 Rxc1 23. Rxc1 Rxh2+ 24. Kxh2 Nxf3+ 25. Kg3 Nxd2 0-1

[Event "Mechanics' Spring TNM; 30/90, SD/30"]
[Site "San Francisco"]
[Date "2009.04.28"]
[Round "7.21"]
[White "Standen, Julian"]
[Black "Clarke, Steven"]
[Result "1-0"]
[WhiteElo "1791"]
[BlackElo "1374"]
[PlyCount "85"]
[EventDate "2009.??.??"]

1. d4 d5 2. Bf4 Nf6 3. Nf3 e6 4. e3 Be7 5. Nbd2 O-O 6. Bd3 Nbd7 7. Ne5 Nxe5 8.
Bxe5 Nd7 9. Bg3 c5 10. c3 Qb6 11. Qc2 h6 12. O-O c4 13. Be2 Bf6 14. e4 Re8 15.
e5 Be7 16. b3 cxb3 17. axb3 Nf8 18. Nf3 Bd7 19. c4 dxc4 20. bxc4 Bc6 21. Rab1
Qc7 22. Qb3 Red8 23. Rfd1 Be4 24. Rb2 Nh7 25. Rbd2 Ng5 26. Nxg5 Bxg5 27. f4 Be7
28. Bf2 Bf5 29. Bf3 Rab8 30. d5 exd5 31. cxd5 Bc5 32. d6 Bxf2+ 33. Kxf2 Qc5+
34. Qe3 Qxe3+ 35. Kxe3 g5 36. g3 Kg7 37. Rc1 b6 38. Rc7 Rd7 39. Rxd7 Bxd7 40.
Rc2 Rc8 41. Rxc8 Bxc8 42. Bc6 Kf8 43. d7 1-0

[Event "Mechanics' Spring TNM; 30/90, SD/30"]
[Site "San Francisco"]
[Date "2009.04.07"]
[Round "4.8"]
[White "Standen, Julian"]
[Black "Gaffagan, Steven"]
[Result "0-1"]
[WhiteElo "1791"]
[BlackElo "2029"]
[PlyCount "126"]
[EventDate "2009.??.??"]

1. d4 d5 2. Bf4 Bg4 3. h3 Bh5 4. c3 e6 5. Qb3 Qc8 6. Nd2 Nf6 7. Ngf3 Bd6 8. e3
O-O 9. Bd3 Nbd7 10. O-O Bg6 11. Bxg6 hxg6 12. Bxd6 cxd6 13. c4 dxc4 14. Nxc4
Ne4 15. Rfc1 Qb8 16. Ncd2 Nxd2 17. Nxd2 d5 18. Rc3 b5 19. Rac1 a6 20. Qc2 Nb6
21. b3 a5 22. Rc7 Rc8 23. h4 a4 24. Kf1 b4 25. Rxc8+ Nxc8 26. Qc7 Nd6 27. Qxb8+
Rxb8 28. bxa4 Ra8 29. Ke2 Rxa4 30. Rc2 Nb5 31. Nb1 Kf8 32. Kd2 Nd6 33. Kc1 Ra7
34. Kb2 Rb7 35. Nd2 Ke7 36. Kb3 Rb6 37. Rc7+ Ke8 38. Rc5 Nb5 39. Nb1 Kd7 40.
Rc2 Rb8 41. Rc5 Rb7 42. Rc2 Nd6 43. Nd2 Nf5 44. g3 Nd6 45. Rc5 Ra7 46. Rc2 Rb7
47. Rc5 Nb5 48. Nb1 f6 49. f4 Nd6 50. Nd2 Ra7 51. Rc2 Ra3+ 52. Kxb4 Rxe3 53.
Rc3 Rxc3 54. Kxc3 Kc6 55. Kb4 Nf5 56. a4 Nxg3 57. a5 Nf5 58. Nf3 Nd6 59. a6 Nc8
60. Nd2 Kb6 61. Nb3 Na7 62. Nc5 Nc6+ 63. Kc3 Nd8 {
Both players quit keeping score here. Black won in a time scramble.} 0-1

[Event "Mechanics' Fall TNM; 30/90, SD/30"]
[Site "San Francisco"]
[Date "2009.10.20"]
[Round "1.4"]
[White "Standen, Julian"]
[Black "Jelinek, Jules"]
[Result "0-1"]
[WhiteElo "1716"]
[BlackElo "2131"]
[PlyCount "82"]
[EventDate "2009.??.??"]

1. d4 c5 2. c3 e6 3. Nf3 b5 4. e4 a6 5. Bd3 Bb7 6. O-O Nf6 7. Bg5 Qc7 8. Nbd2
Nc6 9. Qe2 h6 10. Bh4 Nh5 11. Bg3 Nxg3 12. hxg3 Be7 13. dxc5 Bxc5 14. e5 d5 15.
exd6 Bxd6 16. Rfd1 Ne5 17. Nxe5 Bxe5 18. Nf3 Bf6 19. Rd2 Rd8 20. Rad1 Ke7 21.
Be4 Rxd2 22. Rxd2 Rd8 23. Kf1 Rxd2 24. Nxd2 b4 25. Bxb7 Qxb7 26. cxb4 Bxb2 27.
Qc4 Qd5 28. Qxd5 exd5 29. Nb1 Kd6 30. Ke2 Kc6 31. a4 Kb6 32. Kd3 Kc6 33. g4 Kd6
34. Nc3 Bc1 35. g3 Bg5 36. Ne2 Bd8 37. Nd4 g6 38. f4 Bb6 39. Ke3 a5 40. b5 Kc5
41. f5 Kc4 0-1

[Event "Mechanics' Summer TNM; 30/90, SD/30"]
[Site "San Francisco"]
[Date "2009.06.09"]
[Round "3.22"]
[White "Standen, Julian"]
[Black "Krawczyk, Steven"]
[Result "1-0"]
[WhiteElo "1781"]
[BlackElo "864"]
[PlyCount "91"]
[EventDate "2009.??.??"]

1. d4 d5 2. Bf4 c5 3. e3 Nf6 4. c3 g6 5. Nf3 Qb6 6. Qb3 c4 7. Qxb6 axb6 8. Na3
Bd7 9. Bc7 b5 10. Ne5 Bc6 11. Be2 Nbd7 12. O-O e6 13. Nc2 Bg7 14. Nb4 Nxe5 15.
Bxe5 O-O 16. f3 Nd7 17. Bxg7 Kxg7 18. Bd1 Nb8 19. Bc2 Na6 20. Nxc6 bxc6 21. a3
c5 22. Rad1 Rab8 23. dxc5 Nxc5 24. Rd2 Nb3 25. Bxb3 cxb3 26. Rfd1 f5 27. Kf2
Kf6 28. Rd4 Ra8 29. Rb4 Ra4 30. Rxb5 Re8 31. Rxb3 Ke5 32. Rd4 Rea8 33. Ke2 Rxd4
34. exd4+ Kd6 35. Kd3 h5 36. Rb7 Rg8 37. a4 g5 38. a5 g4 39. f4 h4 40. Rh7 h3
41. g3 Ra8 42. b4 Kc6 43. Re7 Kd6 44. Rh7 Kc6 45. Re7 Kd6 46. Rb7 {
White won in 55 moves. Remaining moves missing.} 1-0

[Event "Mechanics' Winter TNM; 30/90, SD/30"]
[Site "San Francisco"]
[Date "2009.02.03"]
[Round "5.20"]
[White "Standen, Julian"]
[Black "Livschitz, Jennifer"]
[Result "0-1"]
[WhiteElo "1806"]
[BlackElo "1631"]
[PlyCount "42"]
[EventDate "2009.??.??"]

1. d4 d5 2. Bf4 Nf6 3. e3 Bf5 4. Nf3 e6 5. c4 c5 6. Nc3 Nc6 7. Qb3 Nb4 8. Rc1
Bd6 9. Ne5 O-O 10. a3 cxd4 11. exd4 dxc4 12. Bxc4 Nc6 13. Qd1 Ne4 14. O-O Rc8
15. Nxe4 Bxe4 16. Qe2 Bf5 17. Rfd1 Qc7 18. Bb5 f6 19. Nxc6 Bxf4 20. Nxa7 Bxc1
21. Nxc8 Rxc8 0-1

[Event "Mechanics' Winter TNM; 30/90, SD/30"]
[Site "San Francisco"]
[Date "2009.02.24"]
[Round "8.15"]
[White "Standen, Julian"]
[Black "Oca, Homer N"]
[Result "1-0"]
[WhiteElo "1806"]
[BlackElo "1677"]
[PlyCount "57"]
[EventDate "2009.??.??"]

1. d4 a6 2. Nf3 b6 3. e4 h6 4. b3 g5 5. Bb2 Bg7 6. h3 c5 7. c4 Nc6 8. Na3 Bb7
9. Rb1 cxd4 10. Nxd4 e5 11. Nf5 Kf8 12. Qd6+ Nge7 13. Nxg7 Kxg7 14. Bxe5+ Nxe5
15. Qxe5+ f6 16. Qd4 Re8 17. Bd3 Nf5 18. Qc3 Nd6 19. O-O Nxe4 20. Qc2 Qe7 21.
Qb2 Qe6 22. Rfe1 Qc6 23. Bf1 Nc5 24. Qd2 Ne6 25. Rbd1 Re7 26. Qd6 Rae8 27. Nc2
Qxd6 28. Rxd6 Kf8 29. Nd4 {remainder illegible} 1-0

[Event "Mechanics' Fall TNM; 30/90, SD/30"]
[Site "San Francisco"]
[Date "2009.12.08"]
[Round "8.15"]
[White "Standen, Julian"]
[Black "Ramachandran, Jayakrishnan"]
[Result "0-1"]
[WhiteElo "1716"]
[BlackElo "1922"]
[PlyCount "64"]
[EventDate "2009.??.??"]

1. d4 Nf6 2. Nf3 e6 3. Bg5 Be7 4. Nbd2 d5 5. e3 Nbd7 6. Bd3 h6 7. Bh4 c5 8. c3
b6 9. O-O Bb7 10. Ne5 Qc7 11. f4 g5 12. Be1 c4 13. Be2 b5 14. Bh5 Rh7 15. b3
cxb3 16. Nxb3 Ne4 17. Rc1 a5 18. Rc2 Ndf6 19. Nd2 Nxc3 20. Bxf7+ Rxf7 21. Ndf3
Qxe5 22. Nxe5 Nxd1 23. Rc7 Ba6 24. Nxf7 Kxf7 25. fxg5 hxg5 26. Bg3 Nxe3 27. Rf3
Nf5 28. Be5 b4 29. Kf2 g4 30. Rf4 Rc8 31. Rxc8 Bxc8 32. h4 a4 0-1

[Event "Mechanics' Wilkerson Mem TNM; 30/90, SD"]
[Site "San Francisco"]
[Date "2009.08.11"]
[Round "2.19"]
[White "Standen, Julian"]
[Black "Smith, Andrew"]
[Result "1-0"]
[WhiteElo "1752"]
[BlackElo "1548"]
[PlyCount "85"]
[EventDate "2009.??.??"]

1. d4 Nf6 2. Nf3 d6 3. Bg5 Nbd7 4. Nbd2 b6 5. e4 Bb7 6. Bd3 h6 7. Bh4 g5 8. Bg3
Nh5 9. Qe2 Bg7 10. c3 e6 11. Nc4 Nxg3 12. hxg3 Ba6 13. Nxd6+ cxd6 14. Bxa6 Ke7
15. e5 d5 16. Nd2 f6 17. exf6+ Nxf6 18. f4 Qd6 19. Rf1 b5 20. Bxb5 Rab8 21. Rb1
Rb6 22. Bd3 g4 23. Kf2 Qb8 24. Nb3 Kf7 25. Nc5 Bf8 26. b4 Bxc5 27. bxc5 Rxb1
28. Rxb1 Qc7 29. Qb2 Nd7 30. Qb7 Rc8 31. Ba6 Qa5 32. Qxd7+ Kf6 33. Bxc8 Qxa2+
34. Ke3 Qxb1 35. Qxe6+ Kg7 36. Qxg4+ Kh8 37. Be6 Qe1+ 38. Qe2 Qxc3+ 39. Kf2
Qxd4+ 40. Kf1 Qxc5 41. Qe5+ Kh7 42. Qf5+ Kg7 43. Qf7+ 1-0

[Event "Mechanics' Spring TNM; 30/90, SD/30"]
[Site "San Francisco"]
[Date "2009.03.31"]
[Round "3.7"]
[White "Standen, Julian"]
[Black "Snyder, Larry"]
[Result "1/2-1/2"]
[WhiteElo "1791"]
[BlackElo "2062"]
[PlyCount "90"]
[EventDate "2009.??.??"]

1. d4 Nf6 2. Nf3 g6 3. Bg5 Bg7 4. Nbd2 d5 5. e3 O-O 6. Bd3 c5 7. c3 Nbd7 8. O-O
Re8 9. Re1 e5 10. dxe5 Nxe5 11. Nxe5 Rxe5 12. Nf3 Re8 13. h3 Qb6 14. Qc2 Ne4
15. Bf4 Bd7 16. a4 Bc6 17. Nd2 Qd8 18. Nxe4 dxe4 19. Bc4 Qe7 20. Red1 Red8 21.
a5 Rxd1+ 22. Rxd1 Rd8 23. Rxd8+ Qxd8 24. b4 a6 25. Qb3 Qd7 26. bxc5 Bf6 27. Bd6
Bd8 28. Qb4 h5 29. Qa3 Qf5 30. Qb4 g5 31. Be2 Qg6 32. Be5 g4 33. hxg4 hxg4 34.
g3 Qe6 35. Bd4 Kh7 36. c4 Kg6 37. Qc3 Bc7 38. Kg2 Bd7 39. Qd2 Bc6 40. Bc3 f6
41. Qd4 Kg5 42. Bd1 Qe7 43. Bb4 Be5 44. Qd2 Qh7 45. Be2 Qe7 1/2-1/2

[Event "Mechanics' Fall TNM; 30/90, SD/30"]
[Site "San Francisco"]
[Date "2009.11.03"]
[Round "3.10"]
[White "Standen, Julian"]
[Black "Todortsev, Victor"]
[Result "0-1"]
[WhiteElo "1716"]
[BlackElo "1960"]
[PlyCount "76"]
[EventDate "2009.??.??"]

1. d4 Nf6 2. Nf3 g6 3. Bg5 Bg7 4. Nbd2 d5 5. e3 O-O 6. Bd3 Nbd7 7. O-O c5 8. c3
b6 9. h3 Bb7 10. Re1 Re8 11. a4 Ne4 12. Bf4 Ndf6 13. Bb5 Rf8 14. Be2 Rc8 15.
Ne5 Nxd2 16. Qxd2 Ne4 17. Qd1 f6 18. Nf3 Qe8 19. Rc1 e5 20. Bh2 Qe7 21. Nd2 Nd6
22. Nf3 Rce8 23. b4 c4 24. Qc2 e4 25. Nd2 Bh6 26. Nf1 f5 27. Ra1 g5 28. Ra2 f4
29. exf4 gxf4 30. Bg4 Qg5 31. Qd2 Bc8 32. Bxc8 Rxc8 33. Kh1 Rc7 34. g4 Qh4 35.
f3 Qxh3 36. Qg2 Qh4 37. Qf2 Qg5 38. Kg2 Rg7 0-1

[Event "Mechanics' Fall TNM; 30/90, SD/30"]
[Site "San Francisco"]
[Date "2009.11.24"]
[Round "6.21"]
[White "Standen, Julian"]
[Black "Van Gorder, Neil"]
[Result "1-0"]
[WhiteElo "1716"]
[BlackElo "1462"]
[PlyCount "91"]
[EventDate "2009.??.??"]

1. d4 Nf6 2. Nf3 e6 3. Bg5 h6 4. Bh4 c5 5. c3 d5 6. e3 Nbd7 7. Nbd2 Be7 8. Bd3
a6 9. a4 b6 10. O-O O-O 11. Re1 Re8 12. Ne5 Nxe5 13. dxe5 Nd7 14. Bxe7 Qxe7 15.
f4 f5 16. Qh5 c4 17. Bc2 Nc5 18. Nf3 Qf7 19. Qh4 Qe7 20. Qf2 Bd7 21. Nd4 Rf8
22. Qd2 b5 23. axb5 axb5 24. g3 g6 25. b4 cxb3 26. Bxb3 Ne4 27. Qb2 Rfc8 28.
Bc2 Nxc3 29. Rxa8 Rxa8 30. Qxc3 Rc8 31. Qb2 b4 32. Rb1 Rb8 33. Ra1 Qc5 34. Kf2
Kf7 35. Bd3 g5 36. Rc1 Qb6 37. Kf3 g4+ 38. Kf2 Ba4 39. Ra1 Bd7 40. Ra6 Qb7 41.
Qa1 Ke7 42. Ra7 Qc8 43. Qa6 Qxa6 44. Rxa6 b3 45. Ra3 b2 46. Rb3 1-0

[Event "Mechanics' Spring TNM; 30/90, SD/30"]
[Site "San Francisco"]
[Date "2009.03.24"]
[Round "2.27"]
[White "Star, Spencer"]
[Black "Allen, Tom"]
[Result "1-0"]
[WhiteElo "1097"]
[BlackElo "1570"]
[PlyCount "51"]
[EventDate "2009.??.??"]

1. Nf3 Nc6 2. c4 e5 3. Nc3 f5 4. e4 fxe4 5. Nxe4 d5 6. cxd5 Qxd5 7. d3 Bb4+ 8.
Bd2 Bxd2+ 9. Qxd2 Nge7 10. g3 O-O 11. Bg2 Bg4 12. Nh4 Nd4 13. Nf6+ Rxf6 14.
Bxd5+ Nxd5 15. h3 Bf3 16. O-O Raf8 17. Rae1 Re8 18. Re4 Bxe4 19. dxe4 Ne7 20.
Qd3 Rc6 21. Nf3 Nxf3+ 22. Qxf3 b6 23. Qd3 a5 24. a4 Rc5 25. Qb3+ Kh8 26. Qf7
1-0